000 00803nam a2200229Ii 4500
003 JO-AjNU
008 230605s9999||||xx |||||||||||||| ||und||
017 _a2003/5/907
020 _a9957-07-353-2
040 _aJO-AjNU
_bara
_erda
_cJO-AjNU
041 _aara
050 1 4 _aHV888.K3922 2012
100 3 _a يحيى، خولة أحمد,
_eauthor
_942879
245 0 0 _aإرشاد أسر ذوي الاحتياجات الخاصة
250 _aط4
264 3 1 _aعمان: دار الفكر ناشرون وموزعون، 2012
300 _a184ص
_bيحتوي على ببلوغرافية من 176-184ص
336 _atext
_btxt
_2rdacontent
337 _aunmediated
_bn
_2rdamedia
338 _avolume
_bnc
_2rdacarrier
650 4 _aالمعوقون - رعاية - احوال اجتماعية
_942880
999 _aA18393
_c21961
_d21961